| 000 | 00677nam a2200241Ia 4500 | ||
|---|---|---|---|
| 008 | 180523s9999 xx 000 0 und d | ||
| 020 | _a978-1-4018-0988-1 | ||
| 050 | _aMAIN G 155.5 | ||
| 050 | _b.M36 2005 | ||
| 100 | _aMancini, Marc. | ||
| 245 | 0 | _aAccess : | |
| 245 | 0 | _bintroduction to travel and tourism / | |
| 245 | 0 | _cMarc Mancini. | |
| 260 | _aSingapore : | ||
| 260 | _bThomson Learning, | ||
| 260 | _c2005 | ||
| 300 | _a273 pages : | ||
| 300 | _bcolored illustrations ; | ||
| 300 | _c25 cm. | ||
| 500 | _aIncludes bibliographical references and index. | ||
| 650 | _aTourism -- Vocational guidance. | ||
| 650 | _xTravel agents -- Vocational guidance. | ||
| 999 |
_c356624 _d356624 |
||